=LDR 00000nam 2200000 4500 =001 INLIS000000000030025 =005 20130612132217 =008 ***********************************ind** =035 ##$$0010-061300000030025 =041 ##$$a ind =082 ##$$a 158 =090 ##$$a 158, FRA h =100 ##$$a Frans =245 ##$$a Horoscope pribadi 1980, Leo (22 Juli-22 Agustus) , Frans =260 ##$$a 1979 $b Bandung =300 ##$$a 247 hlm., 18 cm =650 ##$$a Horoscope =850 ##$$a NBPNMAT